00751nam a22002057a 4500999001900000005001700019010001500036020002600051035001400077037001300091082000800104100002400112245008800136260005000224270007800274300002100352700003200373942002200405952011800427 c193674d19367420221109122120.0 aENG-135625 a9788175102381c425.00 aEN-119157 bDBAD/PUB a000 aKashikar, Mohan. S. aContemporary governments in action/cby Mohan. S. Kashikar [and] Dillipkumar Merkap aPatel NagaarbReliance Publishing Housec2018 a6/1 South Patel NagarbNew Delhie110008mrphbook@gmail.comk011-25708428 a404p.c24cm(pbk) aMerkap, DillipkumareAuthor 2ddccENmKASh000 001040708NFICaPRbPRd2022-11-09eDBAD/PUBg425.00l0o000 KASpEN-119157r2022-11-09 00:00:00t1v425.00yEN